000 00474nam a22001577a 4500
003 OSt
005 20260320123013.0
008 260320b |||||||| |||| 00| 0 eng d
020 _a9788123926551
040 _cIIMT UNIVERSITY MEERUT
100 _aSethi P. D
245 _aHPLC High Performance Liquid Chromatography: Quantitative Analysis of Pharmaceutical Formulations Vol.7
260 _aNEW DELHI
_b CBS Publishers & Distributors
300 _a528
942 _2ddc
_c01
999 _c67315
_d67315